000 00192nam a2200097Ia 4500
008 240331s9999 xx 000 0 und d
082 _bUUT
100 _aPenkal. d
245 0 _aUutha
942 _cL
999 _c1809
_d1809